101 truyện ngắn hay Việt Nam
Shranjeno v:
| Format: | Knjiga |
|---|---|
| Jezik: | Undetermined |
| Izdano: |
Hà Nội
Hội Nhà văn
2003
|
| Teme: | |
| Oznake: |
Označite
Brez oznak, prvi označite!
|
| Thư viện lưu trữ: | Trung tâm Học liệu Trường Đại học Cần Thơ |
|---|
| LEADER | 00568nam a2200181Ia 4500 | ||
|---|---|---|---|
| 001 | CTU_64630 | ||
| 008 | 210402s9999 xx 000 0 und d | ||
| 020 | |b 59000 | ||
| 082 | |a 895.922301 | ||
| 082 | |b M458/T.1 | ||
| 245 | 0 | |a 101 truyện ngắn hay Việt Nam | |
| 245 | 0 | |c Ngô Văn Phú, Lê Minh Khuê, Nguyễn Thị Anh Thư (tuyển chọn) | |
| 260 | |a Hà Nội | ||
| 260 | |b Hội Nhà văn | ||
| 260 | |c 2003 | ||
| 650 | |a Short stories, vietnamese | ||
| 904 | |i Tuyến | ||
| 980 | |a Trung tâm Học liệu Trường Đại học Cần Thơ | ||